000
00273nam a2200109Ia 4500
008
230907s9999||||xx |||||||||||||| ||und||
082
_a
621.56
_b
FEN
245
0
_a
Fundamentals of refrigeration /
260
_a
ASHRAE,
_b
Atlanta, GA :
_c
2010
300
_a
387 p.
942
_c
BK
999
_c
599512
_d
599512